the study on household livelihood in prey pkhoum commune, angkor borey district, takeo province ការសិក្សារអំពីកម្រិតជីវភាពរស់នៅរបស់ប្រជាជននៅក្នុងឃុំព្រៃផ្គាំ ស្រុកអង្គបុរី ខេត្តតាកែវ (Record no. 18720)
[ view plain ]
| 000 -LEADER | |
|---|---|
| fixed length control field | 00764nam a22001577a 4500 |
| 003 - CONTROL NUMBER IDENTIFIER | |
| control field | LRUA |
| 005 - DATE AND TIME OF LATEST TRANSACTION | |
| control field | 20200114151111.0 |
| 008 - FIXED-LENGTH DATA ELEMENTS--GENERAL INFORMATION | |
| fixed length control field | 200114b xxu||||| |||| 00| 0 eng d |
| 040 ## - CATALOGING SOURCE | |
| Transcribing agency | RUA |
| 082 ## - DEWEY DECIMAL CLASSIFICATION NUMBER | |
| Classification number | AED HAM 2016 B657 Or.1 |
| 100 ## - MAIN ENTRY--PERSONAL NAME | |
| 9 (RLIN) | 14111 |
| Personal name | HAM INTRAK CHESDA ហម ឥន្រ្ទចេស្តា |
| 245 ## - TITLE STATEMENT | |
| Title | the study on household livelihood in prey pkhoum commune, angkor borey district, takeo province ការសិក្សារអំពីកម្រិតជីវភាពរស់នៅរបស់ប្រជាជននៅក្នុងឃុំព្រៃផ្គាំ ស្រុកអង្គបុរី ខេត្តតាកែវ |
| 260 ## - PUBLICATION, DISTRIBUTION, ETC. (IMPRINT) | |
| Place of publication, distribution, etc. | RUA |
| Name of publisher, distributor, etc. | Phnom penh |
| Date of publication, distribution, etc. | 2016 |
| 300 ## - PHYSICAL DESCRIPTION | |
| Extent | xi;55p |
| Other physical details | ill; |
| Dimensions | 29cm |
| 942 ## - ADDED ENTRY ELEMENTS (KOHA) | |
| Source of classification or shelving scheme | |
| Koha item type | AED |
| Price effective from | Date last seen | Permanent Location | Not for loan | Date acquired | Source of classification or shelving scheme | Koha item type | Lost status | Withdrawn status | Date last checked out | Total Checkouts | Shelving location | Damaged status | Barcode | Current Location | Full call number |
|---|---|---|---|---|---|---|---|---|---|---|---|---|---|---|---|
| 2020-01-14 | 2026-02-03 | Library Block B | 2020-01-14 | AED | 2025-12-15 | 8 | B657 | A42902 | Library Block B | AED HAM 2016 B657 Or.1 | |||||
| 2020-01-14 | 2025-10-11 | Library Block B | 2020-01-14 | AED | 2025-08-11 | 3 | B657 | A42786 | Library Block B | AED HAM 2016 B657 Or.2 | |||||
| 2020-01-14 | 2020-01-14 | Library Block B | 2020-01-14 | AED | B657 | A44767 | Library Block B | AED HAM 2016 B657 Or.3 | |||||||
| 2020-01-14 | 2022-01-10 | Library Block B | 2020-01-14 | AED | 2021-12-28 | 3 | B657 | A43760 | Library Block B | AED HAM 2016 B657 Or.4 | |||||
| 2020-01-14 | 2026-03-17 | Library Block B | 2020-01-14 | AED | 2026-02-02 | 9 | B657 | A43399 | Library Block B | AED HAM 2016 B657 Or.5 | |||||
| 2020-01-14 | 2020-01-14 | Library Block B | 2020-01-14 | AED | B657 | A42654 | Library Block B | AED HAM 2016 B657 Or.6 |